书目信息 |
| 题名: |
大学物理学
|
|
| 作者: | 余虹 主编 | |
| 分册: | ||
| 出版信息: | 北京 科学出版社 2001.2 |
|
| 页数: | xi,499页 | |
| 开本: | 23cm | |
| 丛书名: | ||
| 单 册: | ||
| 中图分类: | O4-43 | |
| 科图分类: | ||
| 主题词: | 物理学--wu li xue--高等学校--教材 | |
| 电子资源: | ||
| ISBN: | 7-03-004108-9 | |
| 000 | 00887nam0 2200265 45 | |
| 001 | 012005000000 | |
| 005 | 20051207085646.82 | |
| 010 | @a7-03-004108-9@dCNY43.00(含光盘) | |
| 010 | @a7-900062-71-8@b光盘 | |
| 100 | @a20050903e20052001em y0chiy0121 ea | |
| 101 | 0 | @achi |
| 102 | @aCN@b110000 | |
| 105 | @ay z 000yy | |
| 200 | 1 | @a大学物理学@Ada xue wu li xue@f余虹主编 |
| 210 | @a北京@c科学出版社@d2001.2@h2005.1重印 | |
| 215 | @axi,499页@d23cm@e光盘1片 | |
| 300 | @a21世纪高等院校教材 | |
| 304 | @a本书编著者为:余虹、姜东光、张殿凤等 | |
| 330 | @a本书共5篇,力学;电磁学;光学;热学;量子物理学基础。讲述了质点力学和狭义相对论;电磁势、对称性;量子物理等内容。 | |
| 333 | @a阅读对象:工科大学一年级学生 | |
| 606 | 0 | @a物理学@Awu li xue@x高等学校@j教材 |
| 690 | @aO4-43@v4 | |
| 701 | 0 | @a余虹@Ayu hong@4主编 |
| 801 | 0 | @aCN@bSRXX@c20051207 |
| 905 | @a10447@dO4-43@eY756 | |
| 大学物理学/余虹主编.-北京:科学出版社,2001.2(2005.1重印) |
| xi,499页;23cm+光盘1片 |
| 21世纪高等院校教材.-使用对象:阅读对象:工科大学一年级学生 |
| ISBN 7-03-004108-9:CNY43.00(含光盘) |
| 本书共5篇,力学;电磁学;光学;热学;量子物理学基础。讲述了质点力学和狭义相对论;电磁势、对称性;量子物理等内容。 |
| ● |
| 相关链接 |
|
|
|
正题名:大学物理学
索取号:O4-43/Y756
 
预约/预借
| 序号 | 登录号 | 条形码 | 馆藏地/架位号 | 状态 | 备注 |
| 1 | 545608 | 205456086 | 自科库401/401自科库 56排3列3层/ [索取号:O4-43/Y756] | 在馆 | |
| 2 | 545609 | 205456095 | 自科库401/401自科库 56排3列3层/ [索取号:O4-43/Y756] | 在馆 | |
| 3 | 545610 | 205456102 | 自科库401/401自科库 56排3列3层/ [索取号:O4-43/Y756] | 在馆 |